000 00272nam a2200085Ia 4500
008 220120s9999||||xx |||||||||||||| ||und||
100 _aPradeep, Sunil, Ashwin and Thimmaiah
_912470
245 0 _aSpy robot using zigbee
260 _aCoorg Institute of Technology
_bPonnampet
_c2013
999 _c138057
_d138057